Deutsche Städte nach Emojis - Statistiken

Allgemein
  • Dieses Quiz wurde 169 mal gespielt
  • Das Durchschnittsergebnis liegt bei 8 aus 15
Antwortstatistiken
Emojis Stadt % Korrekt
🐻​🇩🇪🏙️​ Berlin
98%
🥨​🍻​⛰️​ München
83%
✈️​🏙️​💶​ Frankfurt am Main
81%
💚​🍺​🚢​ Bremen
75%
🚢​⚓​🪗​ Hamburg
74%
⛪​🍬​🎉​ Köln
63%
🏟️​⚽​⚒️​ Gelsenkirchen
60%
⛵​🛳️​🔬​ Kiel
52%
🏰​🎄​🍪​ Nürnberg
46%
🚲​🏛️​🚲​ Münster
43%
🚗​⛰️​🍇​ Stuttgart
43%
🎹​📚​🏛️​ Leipzig
29%
🏛️​🎨​⛪​ Dresden
26%
🏔️​🏕️​🏛️​ Freiburg im Breisgau
24%
🎶​♟️​🏭​ Mannheim
8%
Keine übereinstimmenden Quizze gefunden
Verteilung der Resultate
Anzahl Personen mit jedem Resultat
Perzentil nach korrekt beantworteten Fragen
Ihre Resultats-Entwicklung
Sie haben dieses Quiz noch nicht gespielt